عرض عادي عرض مارك
  • القيم الاجتماعية

دخول Topical Term

عدد التسجيلات المستخدمة: 2

001 - CONTROL NUMBER

  • control field: 29210

003 - CONTROL NUMBER IDENTIFIER

  • control field: AE-AdECS

005 - DATE AND TIME OF LATEST TRANSACTION

  • control field: 20260424090452.0

008 - FIXED-LENGTH DATA ELEMENTS

  • fixed length control field: 260424|| aca||aabn | a|a d

040 ## - CATALOGING SOURCE

  • Original cataloging agency: AE-AdECS
  • Transcribing agency: AE-AdECS

150 ## - HEADING--TOPICAL TERM

  • Topical term or geographic name entry element: القيم الاجتماعية
  • General subdivision: والتربية

670 ## - SOURCE DATA FOUND

  • Source citation: Work cat.: (AE-AdECS)294902: ملكاوي، فتحي حسن مؤلف., منظومة القيم المقاصدية وتجلياتها التربوية /

أبوظبي، الإمارات العربية المتحدة

reference@ecssr.ae

97124044780 +

حقوق النشر © 2026 مركز الإمارات للدراسات والبحوث الاستراتيجية جميع الحقوق محفوظة